Normal view
MARC view
- Arabian nights
Entry Topical Term
001 - CONTROL NUMBER
- control field: 3639
003 - CONTROL NUMBER IDENTIFIER
- control field: NUST
005 - DATE AND TIME OF LATEST TRANSACTION
- control field: 20170728120427.0
008 - FIXED-LENGTH DATA ELEMENTS
- fixed length control field: 170728|| aca||aabn | a|a d
040 ## - CATALOGING SOURCE
- Original cataloging agency: NUST
- Transcribing agency: NUST
150 ## - HEADING--TOPICAL TERM
- Topical term or geographic name entry element: Arabian nights
670 ## - SOURCE DATA FOUND
- Source citation: Work cat.: (NUST)0: The Arabian nights :, 2004.
